000 00466nam a2200157 i 4500
001 146100
003 ES-MaACL
007 t|
008 070731s1975 sp ||||1| spa d
100 1 _aTorris, George.
_9111049
245 1 0 _aEnsayo sobre la hominización /
_cGeorge Torris ; [traducción José Sarret].
260 _aBarcelona :
_bMadrágora,
_c[1975]
300 _a148 p. ;
_c20 cm.
700 1 _aSarret, Josep.
_9103857
852 _aES-MaACL
_jE-7890
_bR.92329
999 _c146100
_d146100